| 000 | 00461nam a2200181Ia 4500 | ||
|---|---|---|---|
| 005 | 20250423094247.0 | ||
| 008 | 250422s9999 xx 000 0 und d | ||
| 020 | _a9789781751466 | ||
| 050 | _aDT515.59 .H57/ | ||
| 100 | _aEluwa, G. I. C. | ||
| 245 | 2 | _aA history of Nigeria for schools and colleges | |
| 260 | _aOnitsha | ||
| 260 | _bAfricana First Publishers | ||
| 260 | _c2016 | ||
| 300 | _a322 p | ||
| 650 | _a Nigeria--History. | ||
| 942 | _cBK | ||
| 999 |
_c26733 _d26733 |
||